[Event "Viktor Kupreichik Memorial Rapid"]
[Site "Minsk"]
[Date "2019.08.15"]
[Round "2.8"]
[White "Teterev, Vitaly"]
[Black "Leinov, Roman"]
[Result "0-1"]
[WhiteElo "2490"]
[BlackElo "2134"]
[PlyCount "96"]
[EventDate "2019.08.15"]
[EventType "swiss"]
[EventRounds "10"]
[EventCountry "BLR"]
[WhiteTeam "Áåëîðóññèÿ"]
[BlackTeam "Áåëîðóññèÿ"]
[WhiteTeamCountry "BLR"]
[BlackTeamCountry "BLR"]

1. Nf3 d5 2. g3 Nf6 3. Bg2 Bf5 4. c4 c6 5. O-O e6 6. cxd5 exd5 7. d3 Be7 8. Qb3
Qb6 9. Qc2 O-O 10. Nc3 h6 11. e4 dxe4 12. dxe4 Bh7 13. Be3 Qa5 14. a3 Na6 15.
b4 Qh5 16. h3 Nd5 17. Bd4 Nac7 18. g4 Qg6 19. Ne5 Qe6 20. f4 Nxc3 21. Bxc3 Rad8
22. f5 Qc8 23. a4 Bf6 24. Qb3 Rde8 25. Nc4 Bxc3 26. Qxc3 Re7 27. Nd6 Qb8 28.
Rad1 Rd7 29. e5 f6 30. Qb3+ Kh8 31. e6 Bg8 32. Ne4 Rxd1 33. Rxd1 Nd5 34. Nc5
Qf4 35. Bxd5 cxd5 36. Kg2 h5 37. Rf1 Qd4 38. gxh5 b6 39. Nd3 Rc8 40. Rf4 Qe3
41. Rf3 Qe2+ 42. Nf2 Rc1 43. Qe3 Qf1+ 44. Kg3 Re1 45. Qf4 Rc1 46. e7 Qg1+ 47.
Kh4 Rc4 48. e8=Q Qg5# 0-1

[Event "Viktor Kupreichik Memorial Rapid"]
[Site "Minsk"]
[Date "2019.08.15"]
[Round "2.9"]
[White "Zhukovskij, Viktor"]
[Black "Dydyshko, Viacheslav"]
[Result "0-1"]
[WhiteElo "2028"]
[BlackElo "2463"]
[PlyCount "102"]
[EventDate "2019.08.15"]
[EventType "swiss"]
[EventRounds "10"]
[EventCountry "BLR"]
[WhiteTeam "Áåëîðóññèÿ"]
[BlackTeam "Áåëîðóññèÿ"]
[WhiteTeamCountry "BLR"]
[BlackTeamCountry "BLR"]

1. e4 c5 2. Nf3 d6 3. d4 cxd4 4. Nxd4 Nf6 5. Nc3 a6 6. Be2 e6 7. a4 Nc6 8. Be3
Be7 9. O-O O-O 10. Kh1 Qc7 11. f4 Re8 12. Bf3 Bd7 13. Nb3 Na5 14. g4 Nc4 15.
Bc1 h6 16. Bg2 Rac8 17. h4 d5 18. e5 Ne4 19. Nxe4 dxe4 20. Bxe4 Bc6 21. Qf3
Red8 22. Bxc6 Qxc6 23. Qxc6 Rxc6 24. c3 Bxh4 25. Nd4 Rcc8 26. Rf3 Be7 27. b3
Na5 28. Ba3 Bxa3 29. Rxa3 Nc6 30. Nxc6 Rxc6 31. Kg2 Rd2+ 32. Kg3 Rc2 33. c4 Rb2
34. Rd3 a5 35. Kf3 Rb6 36. Ke4 g6 37. Kd4 Rg2 38. Kc5 Rc6+ 39. Kb5 Rxg4 40.
Kxa5 Rxf4 41. Re3 g5 42. Kb5 g4 43. a5 h5 44. b4 h4 45. c5 g3 46. Rxg3+ hxg3
47. Rxg3+ Kf8 48. Rd3 Ke7 49. Rd6 Rxd6 50. cxd6+ Kd7 51. Kc5 Re4 0-1

[Event "Viktor Kupreichik Memorial Rapid"]
[Site "Minsk"]
[Date "2019.08.15"]
[Round "2.10"]
[White "Sveshnikov, Evgeny"]
[Black "Kameko, Aleksandr"]
[Result "1/2-1/2"]
[WhiteElo "2449"]
[BlackElo "2098"]
[PlyCount "69"]
[EventDate "2019.08.15"]
[EventType "swiss"]
[EventRounds "10"]
[EventCountry "BLR"]
[WhiteTeam "Ðîññèÿ"]
[BlackTeam "Áåëîðóññèÿ"]
[WhiteTeamCountry "RUS"]
[BlackTeamCountry "BLR"]

1. e4 c5 2. c3 d5 3. exd5 Qxd5 4. d4 e6 5. Nf3 Nf6 6. Be2 Be7 7. O-O O-O 8. Ne5
cxd4 9. cxd4 Nbd7 10. Nc3 Qa5 11. Bf4 Nxe5 12. Bxe5 Bd7 13. Bf3 Bc6 14. Bxc6
bxc6 15. Qa4 Qb6 16. Qc2 Rfd8 17. Rac1 Rac8 18. Na4 Qb5 19. Nc5 Nd7 20. a4 Qb6
21. Bf4 Nxc5 22. dxc5 Qb4 23. Be3 Rb8 24. Rb1 Rd5 25. Rfc1 h6 26. b3 Bf6 27. g3
Bd4 28. Bxd4 Rxd4 29. Rd1 Rbd8 30. Rxd4 Rxd4 31. Rc1 a5 32. Kg2 e5 33. Qe2 Qxb3
34. Qxe5 Qd5+ 35. Qxd5 1/2-1/2

[Event "Viktor Kupreichik Memorial Rapid"]
[Site "Minsk"]
[Date "2019.08.15"]
[Round "2.12"]
[White "Mustaps, Matiss"]
[Black "Lazavik, Denis"]
[Result "1/2-1/2"]
[WhiteElo "2413"]
[BlackElo "2057"]
[PlyCount "39"]
[EventDate "2019.08.15"]
[EventType "swiss"]
[EventRounds "10"]
[EventCountry "BLR"]
[WhiteTeam "Ëàòâèÿ"]
[BlackTeam "Áåëîðóññèÿ"]
[WhiteTeamCountry "LAT"]
[BlackTeamCountry "BLR"]

1. e4 e5 2. Nf3 Nc6 3. Bb5 a6 4. Ba4 Nf6 5. d3 b5 6. Bb3 Be7 7. O-O d6 8. c3
O-O 9. Nbd2 Na5 10. Bc2 c5 11. Re1 Nc6 12. Nf1 h6 13. h3 Re8 14. Ne3 Be6 15. d4
cxd4 16. cxd4 Nxd4 17. Nxd4 exd4 18. Qxd4 Rc8 19. Bb3 Bf8 20. Bd5 1/2-1/2

[Event "Viktor Kupreichik Memorial Rapid"]
[Site "Minsk"]
[Date "2019.08.15"]
[Round "2.13"]
[White "Romanovskij, Nikita"]
[Black "Pogosian, Manvel"]
[Result "0-1"]
[WhiteElo "2001"]
[BlackElo "2344"]
[PlyCount "80"]
[EventDate "2019.08.15"]
[EventType "swiss"]
[EventRounds "10"]
[EventCountry "BLR"]
[WhiteTeam "Áåëîðóññèÿ"]
[BlackTeam "Áåëîðóññèÿ"]
[WhiteTeamCountry "BLR"]
[BlackTeamCountry "BLR"]

1. d4 Nf6 2. Nf3 e6 3. Bf4 b6 4. e3 Bb7 5. h3 g6 6. Bd3 Bg7 7. O-O O-O 8. Nbd2
d6 9. Bh2 Nbd7 10. c3 Qe7 11. Qe2 Rfd8 12. Ba6 Bxa6 13. Qxa6 e5 14. dxe5 dxe5
15. Qc4 Ne8 16. Rfd1 Nd6 17. Qe2 Nc5 18. Nc4 e4 19. Nd4 Bxd4 20. Rxd4 Nf5 21.
Rxd8+ Rxd8 22. Rd1 Nd3 23. Ne5 Nxb2 24. Rb1 Qa3 25. g4 Na4 26. gxf5 Nxc3 27.
Qc4 Qxa2 28. Qxa2 Nxa2 29. fxg6 hxg6 30. Nc6 Rd2 31. Nxa7 Nc3 32. Rb3 Nd5 33.
Nc6 Rc2 34. Nb4 Rc1+ 35. Kg2 Ne7 36. Be5 c5 37. Na2 Rc2 38. Rxb6 f6 39. Bxf6
Nd5 40. Bg5 Nxb6 0-1

[Event "Viktor Kupreichik Memorial Rapid"]
[Site "Minsk"]
[Date "2019.08.15"]
[Round "2.14"]
[White "Zhukova, Natalia"]
[Black "Siniauski, Artsiom"]
[Result "0-1"]
[WhiteElo "2320"]
[BlackElo "2035"]
[PlyCount "181"]
[EventDate "2019.08.15"]
[EventType "swiss"]
[EventRounds "10"]
[EventCountry "BLR"]
[WhiteTeam "Óêðàèíà"]
[BlackTeam "Áåëîðóññèÿ"]
[WhiteTeamCountry "UKR"]
[BlackTeamCountry "BLR"]

1. c4 Nf6 2. Nc3 e5 3. Nf3 Nc6 4. g3 d5 5. cxd5 Nxd5 6. Bg2 Nb6 7. O-O Be7 8.
a3 a5 9. d3 O-O 10. Be3 Be6 11. Rc1 Qd7 12. Ne4 Rfd8 13. Bc5 Bd5 14. Bxe7 Qxe7
15. Nc5 Rab8 16. Nd2 Bxg2 17. Kxg2 Nd4 18. Ndb3 Nxb3 19. Qxb3 Rd5 20. Na4 Rd6
21. Nc3 Qd7 22. Qb5 Rh6 23. Qxd7 Nxd7 24. Ne4 Rc8 25. Nc5 Nxc5 26. Rxc5 a4 27.
Rxe5 Rb6 28. Rb1 Rb3 29. Rc5 c6 30. Rc3 Rb5 31. b4 axb3 32. Rbxb3 Rxb3 33. Rxb3
b5 34. d4 Rd8 35. e3 Kf8 36. Rc3 Rd6 37. a4 bxa4 38. Ra3 c5 39. dxc5 Rc6 40.
Rxa4 Rxc5 41. h4 h5 42. e4 g6 43. Kf3 Rc2 44. Ke3 Rb2 45. f3 Rb3+ 46. Kf4 Ke7
47. Ra7+ Ke6 48. Ra6+ Ke7 49. g4 hxg4 50. Kxg4 Rb5 51. Ra8 Rb1 52. Ra5 Rg1+ 53.
Kf4 Rh1 54. Kg3 Kf6 55. Ra4 Ke6 56. Ra6+ Ke7 57. Ra4 Ke6 58. Rb4 Ke7 59. e5 Ke6
60. Rf4 Rg1+ 61. Kf2 Rh1 62. Kg2 Re1 63. Rf6+ Ke7 64. f4 Re3 65. h5 gxh5 66.
Rh6 Re2+ 67. Kg3 Re3+ 68. Kh4 Kf8 69. Rxh5 Kg7 70. Rf5 Re1 71. Kg3 Rg1+ 72. Kf2
Ra1 73. Rf6 Ra3 74. Rb6 Rc3 75. Rd6 Ra3 76. Ke2 Rb3 77. Rd3 Rb4 78. Kf3 Ra4 79.
Kg4 Rb4 80. Rd7 Kg6 81. Rd6+ Kg7 82. Kg5 Rb1 83. Rd7 Rg1+ 84. Kf5 Rg6 85. Ke4
Ra6 86. f5 Ra4+ 87. Kf3 Kf8 88. Ke3 Rh4 89. Rd4 Rh5 90. Ke4 Ke7 91. f6+ {time}
0-1

[Event "Viktor Kupreichik Memorial Rapid"]
[Site "Minsk"]
[Date "2019.08.15"]
[Round "2.15"]
[White "Svjatocho, Andrej"]
[Black "Pein, Malcolm"]
[Result "0-1"]
[WhiteElo "1976"]
[BlackElo "2319"]
[PlyCount "84"]
[EventDate "2019.08.15"]
[EventType "swiss"]
[EventRounds "10"]
[EventCountry "BLR"]
[WhiteTeam "Áåëîðóññèÿ"]
[BlackTeam "Àíãëèÿ"]
[WhiteTeamCountry "BLR"]
[BlackTeamCountry "ENG"]

1. e4 d6 2. d4 g6 3. Nc3 Bg7 4. Bg5 Nf6 5. Qd2 a6 6. Bd3 Nc6 7. Nce2 h6 8. Bh4
O-O 9. f4 e5 10. c3 exf4 11. Bxf6 Qxf6 12. Nxf4 Bg4 13. Nge2 Rae8 14. O-O Qg5
15. Rad1 Ne7 16. h3 Bd7 17. Kh1 Kh7 18. Ng1 f5 19. Nf3 Qf6 20. e5 Qf7 21. Rde1
Qxa2 22. e6 Bc6 23. Ra1 Qb3 24. Bc2 Qb6 25. d5 Bb5 26. Rfd1 c6 27. dxc6 Bxc6
28. Qxd6 Qxb2 29. Ba4 b5 30. Rab1 Qf2 31. Nd3 Qe3 32. Re1 Qa7 33. Nfe5 Be4 34.
Bc2 Nc8 35. Qb4 Rxe6 36. Rxe4 fxe4 37. Qxe4 Rf5 38. Re1 Nd6 39. Qd5 Qe7 40. Bb3
Nc4 41. Bxc4 bxc4 42. Qxc4 Rfxe5 0-1

[Event "Viktor Kupreichik Memorial Rapid"]
[Site "Minsk"]
[Date "2019.08.15"]
[Round "2.18"]
[White "Meshkov, Yuri A"]
[Black "Kiryliuk, Ilya"]
[Result "1-0"]
[WhiteElo "2261"]
[BlackElo "1970"]
[PlyCount "103"]
[EventDate "2019.08.15"]
[EventType "swiss"]
[EventRounds "10"]
[EventCountry "BLR"]
[WhiteTeam "Ðîññèÿ"]
[BlackTeam "Áåëîðóññèÿ"]
[WhiteTeamCountry "RUS"]
[BlackTeamCountry "BLR"]

1. e4 c5 2. g3 e6 3. Bg2 Nc6 4. Ne2 Nf6 5. O-O Be7 6. c4 e5 7. d3 d6 8. h3 O-O
9. Nbc3 Nd4 10. f4 Bd7 11. g4 Bc6 12. Ng3 Nd7 13. Nd5 Bxd5 14. cxd5 Bh4 15. Nf5
Nxf5 16. exf5 Bg3 17. Qb3 Qb6 18. Qxb6 axb6 19. fxe5 Bxe5 20. a3 Bd4+ 21. Kh1
Ne5 22. Be4 b5 23. Rb1 f6 24. Rd1 Rfc8 25. Bd2 Ra4 26. Be1 Kf7 27. Kg2 h5 28.
gxh5 Rh8 29. Bc3 Rxh5 30. Bd2 Ra8 31. Rh1 Ke7 32. Kg3 Rh7 33. Bc3 Ra4 34. Rhc1
Kd7 35. b3 Rxa3 36. Bxd4 cxd4 37. Rc2 Ra7 38. Rbc1 b6 39. Rc8 Rb7 40. b4 Ke7
41. Ra8 Nd7 42. Rcc8 Rh6 43. Re8+ Kf7 44. Re6 Rc7 45. Rxd6 Rh5 46. Rc6 Rg5+ 47.
Kh2 Rb7 48. d6 Rb8 49. Rc7 Ke8 50. Raa7 Nf8 51. Re7+ Kd8 52. Bc6 1-0

[Event "Viktor Kupreichik Memorial Rapid"]
[Site "Minsk"]
[Date "2019.08.15"]
[Round "2.21"]
[White "Karmishyn, Vadzim"]
[Black "Pakhomov, Alexey"]
[Result "0-1"]
[WhiteElo "1494"]
[BlackElo "2259"]
[PlyCount "78"]
[EventDate "2019.08.15"]
[EventType "swiss"]
[EventRounds "10"]
[EventCountry "BLR"]
[WhiteTeam "Áåëîðóññèÿ"]
[BlackTeam "Ðîññèÿ"]
[WhiteTeamCountry "BLR"]
[BlackTeamCountry "RUS"]

1. c4 e6 2. e3 d5 3. Nf3 c6 4. a3 f5 5. cxd5 exd5 6. b4 Nf6 7. Bb2 Bd6 8. Qc2
O-O 9. Nc3 Qe7 10. Bd3 Ne4 11. Ne2 a5 12. b5 c5 13. Nc3 Be6 14. O-O Nd7 15. Be2
Rac8 16. Rac1 Bb8 17. Qa4 Qd6 18. Rfd1 b6 19. d3 Ng5 20. Qh4 Nxf3+ 21. Bxf3 Ne5
22. Bh5 Ng6 23. Bxg6 hxg6 24. Ne2 g5 25. Qh5 Bf7 26. Qxg5 Qxh2+ 27. Kf1 Qh1+
28. Ng1 d4 29. f3 Rcd8 30. Ke2 Qh2 31. Nh3 Rfe8 32. e4 fxe4 33. dxe4 Qg3 34.
Qxg3 Bxg3 35. Ng5 Bb3 36. Rd3 Ba4 37. Rh1 Bxb5 38. Rh3 Bf4 39. Rh5 c4 0-1

[Event "Viktor Kupreichik Memorial Rapid"]
[Site "Minsk"]
[Date "2019.08.15"]
[Round "2.22"]
[White "Tarasionak, Arseni"]
[Black "Barskij, Vladimir"]
[Result "0-1"]
[WhiteElo "1240"]
[BlackElo "2254"]
[PlyCount "96"]
[EventDate "2019.08.15"]
[EventType "swiss"]
[EventRounds "10"]
[EventCountry "BLR"]
[WhiteTeam "Ïîëüøà"]
[BlackTeam "Ðîññèÿ"]
[WhiteTeamCountry "POL"]
[BlackTeamCountry "RUS"]

1. d4 d5 2. c4 Nc6 3. Nf3 Bg4 4. e3 e6 5. Nc3 Bb4 6. Be2 Nf6 7. O-O O-O 8. h3
Bh5 9. Ne5 Bxe2 10. Qxe2 Nxe5 11. dxe5 Bxc3 12. bxc3 Ne4 13. Ba3 Re8 14. Qb2 b6
15. Rfd1 Qg5 16. cxd5 Qxe5 17. c4 Qg5 18. Rd4 exd5 19. Rxd5 Qg6 20. Qd4 Nf6 21.
Re5 Red8 22. Qf4 c5 23. Rg5 Qh6 24. Bb2 Kf8 25. Bxf6 Qxf6 26. Qxf6 gxf6 27. Rd5
Rxd5 28. cxd5 Ke7 29. e4 Kd6 30. g4 Ke5 31. f3 h5 32. Kf2 hxg4 33. hxg4 Kd4 34.
Rd1+ Kc3 35. d6 Kc2 36. Ke2 c4 37. d7 Rd8 38. f4 c3 39. e5 fxe5 40. fxe5 Kb2
41. g5 c2 42. Rd2 Rxd7 43. Rxd7 c1=Q 44. Rxa7 Qxg5 45. Rxf7 Qxe5+ 46. Kf1 Kxa2
47. Rb7 Qf4+ 48. Kg1 Qg3+ 0-1

[Event "Viktor Kupreichik Memorial Rapid"]
[Site "Minsk"]
[Date "2019.08.15"]
[Round "3.1"]
[White "Safarli, Eltaj"]
[Black "Pein, Malcolm"]
[Result "1-0"]
[WhiteElo "2708"]
[BlackElo "2319"]
[PlyCount "35"]
[EventDate "2019.08.15"]
[EventType "swiss"]
[EventRounds "10"]
[EventCountry "BLR"]
[WhiteTeam "Àçåéðáàäæàí"]
[BlackTeam "Àíãëèÿ"]
[WhiteTeamCountry "AZE"]
[BlackTeamCountry "ENG"]

1. e4 d6 2. d4 g6 3. Nc3 Bg7 4. Bg5 a6 5. Qd2 Nf6 6. O-O-O O-O 7. h4 Nc6 8. h5
Nxh5 9. Be2 Bxd4 10. Bxh5 gxh5 11. Nge2 Bxf2 12. Rdf1 Bc5 13. Bf6 exf6 14. Qh6
Bg4 15. Ng3 Kh8 16. Nxh5 Bxh5 17. Rxh5 Be3+ 18. Qxe3 1-0

[Event "Viktor Kupreichik Memorial Rapid"]
[Site "Minsk"]
[Date "2019.08.15"]
[Round "3.2"]
[White "Mochalov, Evgeny V"]
[Black "Zhigalko, Sergei"]
[Result "0-1"]
[WhiteElo "2260"]
[BlackElo "2702"]
[PlyCount "53"]
[EventDate "2019.08.15"]
[EventType "swiss"]
[EventRounds "10"]
[EventCountry "BLR"]
[WhiteTeam "Áåëîðóññèÿ"]
[BlackTeam "Áåëîðóññèÿ"]
[WhiteTeamCountry "BLR"]
[BlackTeamCountry "BLR"]

1. d4 Nf6 2. c4 e6 3. g3 c5 4. Nf3 cxd4 5. Nxd4 Qc7 6. Nc3 a6 7. Qd3 Nc6 8.
Nxc6 Qxc6 9. e4 Ng4 10. Qe2 Nf6 11. Bg2 d6 12. O-O Qc7 13. Bf4 Nd7 14. Rac1 Ne5
15. b3 Be7 16. Be3 O-O 17. f4 Nd7 18. g4 Re8 19. g5 Bf8 20. h4 b6 21. h5 Bb7
22. g6 fxg6 23. hxg6 h6 24. f5 Ne5 25. Bh3 Bc8 26. Bd4 Nc6 27. Be3 0-1

[Event "Viktor Kupreichik Memorial Rapid"]
[Site "Minsk"]
[Date "2019.08.15"]
[Round "3.3"]
[White "Tiviakov, Sergei"]
[Black "Meshkov, Yuri A"]
[Result "1/2-1/2"]
[WhiteElo "2666"]
[BlackElo "2261"]
[PlyCount "86"]
[EventDate "2019.08.15"]
[EventType "swiss"]
[EventRounds "10"]
[EventCountry "BLR"]
[WhiteTeam "Íèäåðëàíäû"]
[BlackTeam "Ðîññèÿ"]
[WhiteTeamCountry "NED"]
[BlackTeamCountry "RUS"]

1. e4 g6 2. d4 Bg7 3. c3 d6 4. Nf3 Nf6 5. Bd3 O-O 6. O-O c5 7. Re1 Bg4 8. Nbd2
Nc6 9. h3 Bxf3 10. Nxf3 cxd4 11. cxd4 Nd7 12. Be3 e5 13. d5 Nd4 14. Nd2 Nc5 15.
Bf1 a5 16. Rc1 a4 17. a3 Re8 18. Rc4 b6 19. Rb4 Qc7 20. Bb5 Nxb5 21. Rxb5 Nd3
22. Rf1 Nc5 23. Qe2 f5 24. Bxc5 bxc5 25. Nc4 Reb8 26. Rxb8+ Rxb8 27. Qc2 Qd7
28. Rb1 Bf8 29. Na5 fxe4 30. Nc4 Qb7 31. Qxe4 Qb3 32. Re1 Rd8 33. h4 Be7 34. g3
Bf6 35. Kg2 Kg7 36. Rh1 Qb5 37. h5 Qd7 38. hxg6 hxg6 39. Nb6 Qb5 40. Nxa4 Ra8
41. Nc3 Qxb2 42. Rb1 Qxc3 43. Rb7+ Kh6 1/2-1/2

[Event "Viktor Kupreichik Memorial Rapid"]
[Site "Minsk"]
[Date "2019.08.15"]
[Round "3.4"]
[White "Aleksandrov, Aleksej"]
[Black "Zarubitski, Viachaslau"]
[Result "1-0"]
[WhiteElo "2569"]
[BlackElo "2260"]
[PlyCount "67"]
[EventDate "2019.08.15"]
[EventType "swiss"]
[EventRounds "10"]
[EventCountry "BLR"]
[WhiteTeam "Áåëîðóññèÿ"]
[BlackTeam "Áåëîðóññèÿ"]
[WhiteTeamCountry "BLR"]
[BlackTeamCountry "BLR"]

1. c4 Nf6 2. Nc3 e5 3. Nf3 Nc6 4. e4 Bb4 5. d3 d6 6. a3 Bxc3+ 7. bxc3 h6 8. g3
Be6 9. Rb1 b6 10. Bg2 Qd7 11. Nh4 O-O 12. O-O Bh3 13. f4 exf4 14. gxf4 Rae8 15.
Rb2 Kh7 16. Qe1 Qg4 17. Rf3 Bxg2 18. Rxg2 Qh5 19. Rfg3 Rg8 20. Nf3 b5 21. cxb5
Qxb5 22. Rh3 Kh8 23. c4 Qb1 24. Bb2 Qxe1+ 25. Nxe1 Nh7 26. Rxh6 Rb8 27. Nf3 f6
28. Rh3 Rb3 29. e5 dxe5 30. fxe5 Rgb8 31. exf6 Rxb2 32. Rxg7 Rb1+ 33. Kf2 R8b2+
34. Kg3 1-0

[Event "Viktor Kupreichik Memorial Rapid"]
[Site "Minsk"]
[Date "2019.08.15"]
[Round "3.6"]
[White "Vaganian, Rafael A"]
[Black "Barskij, Vladimir"]
[Result "0-1"]
[WhiteElo "2502"]
[BlackElo "2254"]
[PlyCount "46"]
[EventDate "2019.08.15"]
[EventType "swiss"]
[EventRounds "10"]
[EventCountry "BLR"]
[WhiteTeam "Àðìåíèÿ"]
[BlackTeam "Ðîññèÿ"]
[WhiteTeamCountry "ARM"]
[BlackTeamCountry "RUS"]

1. d4 d5 2. c4 Nc6 3. Nc3 dxc4 4. Nf3 Nf6 5. d5 Na5 6. Qa4+ c6 7. b4 b5 8. Nxb5
cxb5 9. Qxb5+ Bd7 10. Qxa5 Qxa5 11. bxa5 Nxd5 12. Rb1 Bf5 13. Rb7 e6 14. a3
O-O-O 15. a6 Nc3 16. Bd2 Nb1 17. Bf4 Bd6 18. e3 Bxf4 19. exf4 c3 20. Be2 c2 21.
O-O Nc3 22. Bc4 Rd1 23. Ne5 c1=Q 0-1

[Event "Viktor Kupreichik Memorial Rapid"]
[Site "Minsk"]
[Date "2019.08.15"]
[Round "3.7"]
[White "Dydyshko, Viacheslav"]
[Black "Smirnov, Valerij"]
[Result "1/2-1/2"]
[WhiteElo "2463"]
[BlackElo "2203"]
[PlyCount "76"]
[EventDate "2019.08.15"]
[EventType "swiss"]
[EventRounds "10"]
[EventCountry "BLR"]
[WhiteTeam "Áåëîðóññèÿ"]
[BlackTeam "Áåëîðóññèÿ"]
[WhiteTeamCountry "BLR"]
[BlackTeamCountry "BLR"]

1. d4 Nf6 2. c4 c5 3. d5 g6 4. Nc3 Bg7 5. e4 d6 6. Nf3 O-O 7. h3 a6 8. a4 e5 9.
g4 Ne8 10. Bd3 f5 11. gxf5 gxf5 12. exf5 e4 13. Nxe4 Bxf5 14. Neg5 Qf6 15. Bxf5
Qxf5 16. Ra3 Nc7 17. Qd3 Nd7 18. Rg1 Rae8+ 19. Kf1 Kh8 20. Qxf5 Rxf5 21. Nh4
Rff8 22. Rf3 Ne5 23. Rxf8+ Rxf8 24. b3 b5 25. Ne6 Nxe6 26. dxe6 bxc4 27. Nf5
Bf6 28. e7 Re8 29. Nxd6 Rxe7 30. bxc4 Nf3 31. Rg3 Re1+ 32. Kg2 Nh4+ 33. Kh2 h6
34. Bf4 Re2 35. Kg1 Re1+ 36. Kh2 Re2 37. Kg1 Bd4 38. Be3 Re1+ 1/2-1/2

[Event "Viktor Kupreichik Memorial Rapid"]
[Site "Minsk"]
[Date "2019.08.15"]
[Round "3.8"]
[White "Balashov, Yuri S"]
[Black "Leinov, Roman"]
[Result "1-0"]
[WhiteElo "2420"]
[BlackElo "2134"]
[PlyCount "93"]
[EventDate "2019.08.15"]
[EventType "swiss"]
[EventRounds "10"]
[EventCountry "BLR"]
[WhiteTeam "Ðîññèÿ"]
[BlackTeam "Áåëîðóññèÿ"]
[WhiteTeamCountry "RUS"]
[BlackTeamCountry "BLR"]

1. Nf3 d5 2. d4 c6 3. e3 e6 4. c4 f5 5. Nc3 Nf6 6. Bd3 Bd6 7. O-O O-O 8. b3 Ne4
9. Bb2 Nd7 10. Ne2 Qe7 11. Rc1 Rf6 12. Ne5 Rh6 13. g3 Qf6 14. f3 Ng5 15. h4 Nf7
16. f4 Bf8 17. Kg2 Nd6 18. Ng1 Ne4 19. Ngf3 Qe7 20. Ng5 Nxe5 21. dxe5 Rg6 22.
Qh5 Rh6 23. Qe2 Bd7 24. Bxe4 fxe4 25. h5 g6 26. Rh1 gxh5 27. Rxh5 Be8 28. Rhh1
Bg6 29. Bd4 a5 30. cxd5 exd5 31. Bc5 Rxh1 32. Kxh1 Qd7 33. e6 Qe8 34. Bxf8 Qxf8
35. g4 a4 36. Nh3 axb3 37. axb3 Qf6 38. f5 Qh4 39. Kg2 Bh5 40. gxh5 Kh8 41.
Qb2+ Kg8 42. Kh2 d4 43. Rg1+ Kf8 44. Qg2 Ke7 45. Qg7+ Kd6 46. Qxd4+ Kc7 47.
Rg7+ 1-0

[Event "Viktor Kupreichik Memorial Rapid"]
[Site "Minsk"]
[Date "2019.08.15"]
[Round "3.9"]
[White "Pogosian, Manvel"]
[Black "Siniauski, Artsiom"]
[Result "1-0"]
[WhiteElo "2344"]
[BlackElo "2035"]
[PlyCount "111"]
[EventDate "2019.08.15"]
[EventType "swiss"]
[EventRounds "10"]
[EventCountry "BLR"]
[WhiteTeam "Áåëîðóññèÿ"]
[BlackTeam "Áåëîðóññèÿ"]
[WhiteTeamCountry "BLR"]
[BlackTeamCountry "BLR"]

1. d4 Nf6 2. Nf3 b6 3. c4 e6 4. g3 Bb7 5. Bg2 Bb4+ 6. Bd2 Be7 7. O-O c6 8. Bc3
d5 9. Nbd2 O-O 10. Qc2 Na6 11. e4 dxc4 12. Nxc4 c5 13. e5 Nd5 14. Rfd1 Nxc3 15.
bxc3 cxd4 16. Ng5 Bxg5 17. Bxb7 Nc5 18. Rxd4 Qc7 19. Bxa8 Rxa8 20. Rad1 Be7 21.
Nd6 Qc6 22. Nxf7 Kxf7 23. Qxh7 Bg5 24. Qh5+ Kg8 25. Qxg5 Rf8 26. Rd8 Qf3 27.
Rxf8+ Kxf8 28. Qf4+ Qxf4 29. gxf4 Ke7 30. Kg2 b5 31. Kf3 Na4 32. Rd6 Nxc3 33.
Ra6 b4 34. Rxa7+ Kf8 35. h4 Kg8 36. Kg4 Ne4 37. f3 Nf2+ 38. Kg3 Nd3 39. Rd7 Nc5
40. Rd4 b3 41. axb3 Nxb3 42. Rc4 Na5 43. Rc5 Nb3 44. Rc8+ Kf7 45. h5 Nd4 46.
Rc7+ Kf8 47. Kg4 Nf5 48. Kg5 Kg8 49. Rc8+ Kf7 50. Rh8 Nd4 51. h6 gxh6+ 52. Kxh6
Nxf3 53. Rh7+ Kf8 54. Kg6 Nd4 55. Kf6 Ke8 56. Re7+ 1-0

[Event "Viktor Kupreichik Memorial Rapid"]
[Site "Minsk"]
[Date "2019.08.15"]
[Round "3.11"]
[White "Shaban, Aliaksandra"]
[Black "Mustaps, Matiss"]
[Result "0-1"]
[WhiteElo "1537"]
[BlackElo "2413"]
[PlyCount "86"]
[EventDate "2019.08.15"]
[EventType "swiss"]
[EventRounds "10"]
[EventCountry "BLR"]
[WhiteTeam "Áåëîðóññèÿ"]
[BlackTeam "Ëàòâèÿ"]
[WhiteTeamCountry "BLR"]
[BlackTeamCountry "LAT"]

1. d4 Nf6 2. c4 g6 3. Nc3 Bg7 4. e4 O-O 5. Be2 d6 6. Bg5 h6 7. Be3 e5 8. d5 a5
9. h4 Na6 10. h5 g5 11. g4 c6 12. f3 Nc5 13. b3 cxd5 14. cxd5 Bd7 15. Nh3 Rb8
16. O-O Nxh5 17. Kh2 Nf4 18. Rc1 b6 19. Qd2 Qe7 20. Rh1 h5 21. Nf2 h4 22. Nh3
Rfc8 23. Nxf4 exf4 24. Bd4 Bxd4 25. Qxd4 f6 26. Kg2 b5 27. Nb1 Qe5 28. Qxe5
fxe5 29. Nd2 Kf7 30. Rb1 Ke7 31. Rbc1 Na6 32. Nb1 Nb4 33. a3 Nc2 34. Kh3 Nd4
35. Rxc8 Rxc8 36. Bd1 Rc1 37. Nd2 Ra1 38. Kg2 Rxa3 39. Kf2 Ra2 40. Ke1 a4 41.
bxa4 bxa4 42. Nb1 a3 43. Nc3 Rb2 0-1

[Event "Viktor Kupreichik Memorial Rapid"]
[Site "Minsk"]
[Date "2019.08.15"]
[Round "3.14"]
[White "Lazavik, Denis"]
[Black "Paravyan, David"]
[Result "1/2-1/2"]
[WhiteElo "2057"]
[BlackElo "2626"]
[PlyCount "163"]
[EventDate "2019.08.15"]
[EventType "swiss"]
[EventRounds "10"]
[EventCountry "BLR"]
[WhiteTeam "Áåëîðóññèÿ"]
[BlackTeam "Ðîññèÿ"]
[WhiteTeamCountry "BLR"]
[BlackTeamCountry "RUS"]

1. d4 Nf6 2. c4 g6 3. g3 Bg7 4. Bg2 O-O 5. Nc3 Nc6 6. Nf3 d5 7. cxd5 Nxd5 8.
O-O Nxc3 9. bxc3 e5 10. e3 Rb8 11. Ba3 Re8 12. Nd2 Na5 13. Bb4 Nc6 14. Ba3 Bd7
15. d5 Na5 16. c4 b6 17. c5 Bf8 18. Qc1 Bb5 19. Rd1 Ba4 20. Re1 c6 21. cxb6
axb6 22. Bxf8 Rxf8 23. dxc6 Rc8 24. Qb2 Bxc6 25. Bxc6 Rxc6 26. Rac1 Rxc1 27.
Rxc1 Qd5 28. Nb1 Qe6 29. Nc3 Rc8 30. Rd1 Nc4 31. Qb4 Kg7 32. Nd5 Qg4 33. Re1
Qf3 34. e4 h5 35. h4 Rc6 36. Qb5 Rc5 37. Qb4 Rc6 38. Qb5 Rc5 39. Qb4 Qd3 40.
Qb3 Qxb3 41. axb3 Nd2 42. Re2 Nxe4 43. Nxb6 f5 44. Nc4 Rb5 45. Kg2 Kf6 46. Rb2
Nc5 47. Nd2 e4 48. Rb1 Ke5 49. Kf1 Kd4 50. Ke2 Nd3 51. Ra1 Rc5 52. Ra4+ Kd5 53.
Ra6 Rc1 54. Nc4 Rc2+ 55. Ke3 Nxf2 56. Rxg6 Ng4+ 57. Kf4 Rf2+ 58. Kg5 Rf3 59.
Rd6+ Kc5 60. Rd8 Rxb3 61. Nd2 Rd3 62. Rxd3 exd3 63. Kxh5 Kd4 64. Kg6 Kc3 65.
Nf1 Nh2 66. Ne3 Ng4 67. Nf1 Nh2 68. Ne3 d2 69. Kxf5 Nf1 70. Nd1+ Kc2 71. Nf2
Nxg3+ 72. Kf4 Nh1 73. Ng4 Kd3 74. Ne3 Ng3 75. Nd1 Ke2 76. Nc3+ Kf2 77. Kg4 Kg2
78. Kf4 Kf2 79. Kg4 Kg2 80. Kf4 Ne2+ 81. Ke3 Nxc3 82. Kxd2 1/2-1/2

[Event "Viktor Kupreichik Memorial Rapid"]
[Site "Minsk"]
[Date "2019.08.15"]
[Round "3.15"]
[White "Spizharny, Mikhail"]
[Black "Teterev, Vitaly"]
[Result "0-1"]
[WhiteElo "1921"]
[BlackElo "2490"]
[PlyCount "114"]
[EventDate "2019.08.15"]
[EventType "swiss"]
[EventRounds "10"]
[EventCountry "BLR"]
[WhiteTeam "Áåëîðóññèÿ"]
[BlackTeam "Áåëîðóññèÿ"]
[WhiteTeamCountry "BLR"]
[BlackTeamCountry "BLR"]

1. e4 c5 2. Nf3 e6 3. d4 cxd4 4. Nxd4 Nc6 5. Nc3 Qc7 6. Be3 Nf6 7. Bd3 a6 8.
O-O Nxd4 9. Bxd4 Bc5 10. Bxc5 Qxc5 11. Qe2 d6 12. Kh1 e5 13. f4 exf4 14. Rxf4
Qe5 15. Raf1 Be6 16. a4 Rc8 17. Qf2 O-O 18. Qb6 Rb8 19. Nb1 d5 20. exd5 Nxd5
21. Qd4 Qg5 22. Rf5 Qd8 23. Rh5 g6 24. Re5 Nb6 25. Qf4 Nd7 26. Re3 Nc5 27. Nd2
Rc8 28. Ne4 Nxe4 29. Bxe4 b6 30. Bd3 Qd7 31. b3 a5 32. h4 Rc5 33. Re5 Qc7 34.
Rxc5 Qxc5 35. Re1 Rd8 36. Re5 Qd4 37. Qg5 Rf8 38. Rb5 Rc8 39. h5 Kg7 40. Qe5+
Qxe5 41. Rxe5 Rc5 42. Rxc5 bxc5 43. hxg6 fxg6 44. Kh2 Kf6 45. Kg3 Ke5 46. Kh4
Kf4 47. g3+ Kf3 48. Kg5 Kxg3 49. Kh6 Bf5 50. Bc4 Kf4 51. Kxh7 g5+ 52. Kg7 Bxc2
53. Kf6 g4 54. Ke6 g3 55. Bf1 Bxb3+ 56. Kd6 c4 57. Kc5 c3 0-1